MARC

LEADER 00000nam0a2200000 4500
001 301088
005 20231102001351.0
020 |a RU  |b 83-18456 
035 |a (RuTPU)RU\TPU\book\326241 
090 |a 301088 
100 |a 20150723d1982 k y0rusy5003 ca 
101 0 |a rus 
102 |a BY 
105 |a a z 001zy 
200 1 |a Геология, гидрогеология, полезные ископаемые Белоруссии и методы их исследования  |e сборник научных трудов  |f Белорусский научно-исследовательский геологоразведочный институт ; под ред. А. В. Томашевича 
210 |a Минск  |c Изд-во БелНИГРИ  |d 1982 
215 |a 178 с.  |c ил. 
320 |a Библиография в конце статей 
606 1 |a Геология  |2 stltpush  |3 (RuTPU)RU\TPU\subj\6095  |9 34054 
606 1 |a Гидрогеология  |x Научная информация  |2 stltpush  |3 (RuTPU)RU\TPU\subj\6635  |9 34467 
606 1 |a Полезные ископаемые  |x Геология  |2 stltpush  |3 (RuTPU)RU\TPU\subj\50069  |9 68818 
610 1 |a Белоруссия 
610 1 |a методы 
610 1 |a исследования 
610 1 |a палеотектоника 
610 1 |a Припятская впадина 
610 1 |a породы-коллекторы 
610 1 |a гидрогеохимическая зональность 
610 1 |a грунтовые воды 
610 1 |a хлоридные рассолы 
610 1 |a нефтегазоносность 
610 1 |a нерудные полезные ископаемые 
610 1 |a минерально-сырьевые ресурсы 
610 1 |a сапропели 
610 1 |a инженерно-геологические данные 
610 1 |a автоматизированная обработка 
675 |a 55  |v 3 
675 |a 556.3  |v 3 
675 |a 553  |v 3 
702 1 |a Томашевич  |b А. В.  |g Александр Владимирович  |4 340 
712 0 2 |a Белорусский научно-исследовательский геологоразведочный институт  |2 stltpush  |3 (RuTPU)RU\TPU\col\7965  |9 24442 
801 0 |a RU  |b RuMRKP  |c 19950704  |g psbo 
801 1 |a RU  |b 63413507  |c 20150723 
801 2 |a RU  |b 63413507  |c 20180622  |g RCR 
942 |c BK